000 00699cam a2200253 a 4500
001 000007902
005 20200929154337.0
008 940928s1993 sp 000 0 spa
010 _a94213231
020 _a8401385008
040 _aDO-SdBNP
_cDLC
_dBNPHU
082 _a863.44
_bE43 1993
100 1 _aM364e
_d1933-
_921684
245 1 3 _aEl embrujo de Shanghai /
_cJuan Marse.
260 _aBarcelona :
_bPlaza & Janes,
_c1993.
300 _a191 p. ;
_c23 cm.
490 1 _aAve fenix.
490 1 _aMayor ;
_v1
650 4 _aNovela española
_91123
650 4 _aLiteratura española
_9632
830 0 _aAve fenix
_pmayor ;
_v1
_921685
910 _aCatalogación por copia / LC
049 _aBNGR
999 _c7680
_d7680